000 01227nam a2200325 i 4500
001 4070824
003 EG-ScBUE
005 20250727093756.0
008 690723t1969 nyua f b 001 0 eng
020 _a0486622479
040 _aEG-ScBUE
_beng
_erda
_cEG-ScBUE
_dEG-ScBUE
082 0 4 _a541.2
_bRIC
_222
100 1 _aRice, Oscar Knefler,
_d1903-1978,
_96013
_eauthor.
245 1 0 _aElectronic structure and chemical binding :
_bwith special reference to inorganic chemistry /
_cby Oscar Knefler Rice, Kenan Professor of Chemistry, University of North Carolina.
264 1 _aNew York :
_bDover Publications, INC.,
_c[1969]
264 4 _cc1969
300 _axviii, 511 pages :
_billustrations ;
_c22 cm
336 _2rdacontent
_atext
_btxt
337 _aunmediated
_2rdamedia
_bn
338 _avolume
_bnc
_2rdacarrier
350 _a3.75
500 _a"Unabridged and slightly corrected republication of the work originally published in 1940."
504 _aIncludes bibliographical references and index.
650 7 _aElectrons.
_96014
_2BUEsh
650 7 _aChemical bonds.
_96015
_2BUEsh
650 7 _aAtoms.
_96016
_2BUEsh
650 7 _aChemistry, Inorganic.
_96017
_2BUEsh
655 _vReading book
942 _2ddc
_cBB
999 _c11792
_d11792